Trouvez les personnages disney/pixar - Statistiques

Statistiques générales
  • Ce quiz a été pris 2 726 fois
    462 depuis la dernière actualisation
  • Le résultat moyen est 95 sur 260
Statistiques - réponses
Hint Disney/ pixar Réponse % Correct
1 Blanche neige Blanche neige
93%
52 Si & Am
93%
199 Al
88%
23 Cendrillon Cendrillon
87%
17 Dumbo Dumbo
87%
6 Grincheux
86%
20 Bambi Bambi
85%
37 Peter pan Peter pan
84%
9 Pinocchio Pinocchio
84%
32 Alice au pays des merveilles Alice
83%
3 Atchoum
83%
137 La belle et la bête Belle
83%
124 La petite sirène Ariel
82%
53 La belle au bois dormant Aurore
82%
2 Simplet
82%
97 Winnie l'ourson Winnie
81%
76 Le livre de la jungle Mowgli
80%
91 Robin des bois Robin
80%
110 Rox et Rouky Rox
80%
148 Aladdin Aladdin
79%
71 Merlin L'enchanteur Merlin
79%
111 Rouky
79%
156 Le roi lion Simba
79%
149 Jasmine
78%
21 Panpan
78%
38 Wendy
78%
105 Les aventures de Bernard et Bianca Bernard
77%
106 Bianca
77%
8 Dormeur
77%
4 Prof
77%
157 Nala
75%
172 Pocahontas Pocahontas
75%
77 Baloo
73%
182 Buzz
73%
254 Lilo et Stich Lilo
73%
229 Mulan Mulan
73%
120 Oliver et compagnie Oliver
73%
241 Tarzan Tarzan
73%
115 Basil Detective Privé Basil
72%
10 Geppetto
72%
151 Jafar
72%
159 Mufasa
72%
223 Hercule Hercule
71%
158 Scar
71%
181 Toy Story Woody
70%
40 Capitaine Crochet
69%
7 Joyeux
69%
47 Marie Darling
69%
247 Kuzco Kuzco
68%
83 Les aristcohats Marie
68%
100 Tigrou
68%
128 Ursula
68%
255 Stitch
67%
125 Eric
66%
25 Javotte
66%
126 Polochon
66%
98 Porcinet
66%
26 Anastasie
65%
27 Gus
65%
48 La belle et le clochard Lady
65%
54 Maléfique
65%
161 Pumba
64%
5 Timide
64%
72 Arthur
63%
218 Le bossu de notre dame Esmeralda
63%
49 Clochard
62%
242 Jane
62%
127 Sebastien
62%
162 Timon
62%
86 Duchesse
61%
22 Fleur
61%
144 Lumière
61%
62 Cruella
60%
140 Gaston
60%
138 La bête (Adam)
60%
219 Quasimodo
59%
84 Berlioz
58%
39 Clochette
57%
85 Toulouse
57%
33 Chapelier fou
56%
225 Hades
56%
36 La reine de coeur
55%
41 Jean
54%
43 Mouche
53%
150 Le génie
52%
60 Les 101 dalmatiens Pongo
52%
248 Monstres et Cie Bob Razowki
50%
99 Bourriquet
49%
168 Ed
49%
34 Le lapin blanc
49%
95 Petit Jean
49%
78 Bagheera
48%
87 Thomas O'Malley
48%
152 Abu
47%
224 Megara
47%
79 Shere Khan
47%
174 John Smith
46%
61 Perdita
46%
249 Sully (Sulivan)
46%
143 Big Ben
45%
194 Toy Story 2 Jessie
45%
11 Jiminy Cricket
45%
230 Mushu
45%
186 Andy
44%
184 Zig zag
44%
160 Zazu
43%
154 Iago
41%
30 Lucifer
41%
139 Zip
41%
92 Marianne
40%
187 Monsieur Patate
39%
58 Pimprenelle
38%
183 Rex
38%
288 Zeus
38%
88 Edgar
37%
163 Rafiki
37%
42 Michel
36%
80 Kaa
35%
142 Madame Samovar
35%
103 Petit Gourou
35%
55 Philippe
35%
220 Claude Frollo
34%
28 Jaq
34%
251 Bouh
33%
133 Le roi Triton
33%
101 Coco lapin
32%
169 Le roi lion 2 Kiara
32%
12 La fée bleue
32%
196 Madame Patate
32%
164 Sarabi
32%
96 Prince Jean
31%
15 Figaro
30%
211 Toy Story 4 Fourchette
30%
104 Maman Gourou
29%
180 Thomas
29%
198 La bergère
28%
145 Le fou
28%
135 La petite sirène 2 Mélody
28%
226 Pégase
28%
56 Flora
27%
141 Maurice
27%
57 Paquerette
27%
63 Roger
27%
18 Timothée
27%
74 Archimède
26%
200 Barbie
26%
170 Kovu
26%
81 Louie
26%
14 Cléo
25%
130 Euréka
25%
102 Jean Christophe
25%
44 Nana
25%
64 Anita
24%
155 Le sultan
24%
204 Ken
23%
45 Lily la tigresse
23%
256 Nani
23%
166 Shenzi
23%
203 Toy Story 3 Lotso
22%
195 Pil Poil
21%
167 Banzai
20%
153 Rajah
20%
173 Meeko
19%
107 Medusa
18%
222 Phoebus
18%
188 Sid
18%
185 Bayonne
17%
243 Clayton
17%
46 George Darling
17%
67 Patch
17%
235 Shan Yu
17%
66 Horace
16%
65 Jasper
16%
24 Madame de Tremaine
16%
75 Madame Mim
16%
69 | 108 Penny
16%
176 Ratcliffe
16%
35 Chat du cheshire
15%
13 Grand coquin
14%
29 Marraine fée
14%
129 Max
14%
94 Frère Tuck
13%
250 Léon
13%
227 Philoctète
13%
68 Lucky
12%
146 Philibert
12%
147 Plumette
12%
245 Tantor
12%
237 Tilt
12%
233 Li Shang
11%
119 Professeur Ratigan
11%
171 Zira
11%
50 César
10%
175 Flit
10%
132 Jetsam
10%
206 Bonnie
9%
16 Gédéon
9%
31 Pataud
9%
131 Flotsam
8%
253 Germaine
8%
51 Jock
8%
190 Les aliens
8%
191 Molly
8%
136 Morgana
8%
252 Célia
7%
260 David
7%
257 Jumba
7%
244 Kala
7%
19 Monsieur Loyal
7%
89 Napoleon
7%
118 Olivia
7%
70 Rolly
7%
122 Roublard
7%
165 Sarafina
7%
114 Veuve Tartine
7%
197 Zurg
7%
177 Kocoum
6%
90 Lafayette
6%
246 Tok
6%
123 Georgette
5%
109 Orville
5%
179 Percy
5%
236 1001 pattes Princesse Atta
5%
231 Cri Kee
4%
212 Gaby Gaby
4%
73 Kay
4%
201 Papi Pépite
4%
121 Tito
4%
221 Clopin
3%
238 Couette
3%
259 Gantu
3%
240 Le borgne
3%
193 Sally
3%
202 Siffli
3%
214 Bunny
2%
258 Cobra Bubbles
2%
59 Diablo
2%
207 Dolly
2%
215 Ducky
2%
216 Duke Caboum
2%
234 Fa Zhou
2%
134 Grimsby
2%
239 Heimlich
2%
189 Karting
2%
178 Nakoma
2%
112 Abigail
1%
116 Bartholomée
1%
213 Benson
1%
205 Big Baby
1%
93 Bonny
1%
322 Fa Li
1%
82 Flunky
1%
217 Harmony
1%
208 La brosse
1%
117 Lady Mouse
1%
192 Rasemotte
1%
209 Rictus
1%
210 Tricie
1%
113 Viky
1%
Aucun quiz correspondant
Distribution des résultats
% des personnes avec chaque résultat
Percentile par nombre de réponses
Votre historique - résultats
Vous n’avez pas pris ce quiz depuis la dernière actualisation